Normal view
MARC view
- Sklar, joel
Entry Personal Name
001 - CONTROL NUMBER
- control field: 905
003 - CONTROL NUMBER IDENTIFIER
- control field: JO-AjAnu
005 - DATE AND TIME OF LATEST TRANSACTION
- control field: 20230606070443.0
008 - FIXED-LENGTH DATA ELEMENTS
- fixed length control field: 230606|| aca||aabn | a|a d
040 ## - CATALOGING SOURCE
- Original cataloging agency: JO-AjAnu
- Transcribing agency: JO-AjAnu
100 ## - HEADING--PERSONAL NAME
- Personal name: Sklar, joel
670 ## - SOURCE DATA FOUND
- Source citation: Work cat.: (JO-AjAnu)477: Sklar, joel, author, Designing web sites